000 00189 a2200097 4500
245 _aC++ how to program
250 _a6th Ed
700 _aHM Deitel
_9555
942 _cBK
100 _aDeitel PJ
_9556
999 _c91
_d91